000
00242nam a22001097a 4500
082
_a
621.381535 STO'M
100
_a
STORM, H. F
_9
56808
245
_a
MAGNETIC AMPLIFIERS
260
_a
LONDON
_b
JOHN WILEY
_c
1955
300
_a
545P
942
_c
BK
999
_c
567149
_d
567149